Normal view MARC view
  • Gay, Roxane

Entry Nombre Personal

Number of records used in: 1

001 - NUMERO DE CONTROL

  • campo de control: 48056

003 - IDENTIFICADOR DE NUMERO DE CONTROL

  • campo de control: MX-MxUPN

005 - FECHA Y HORA DE LA ÜLTIMA TRANSACCIÓN

  • campo de control: 20230303151240.0

008 - DATOS DE LONGITUD FIJA

  • campo de control de longitud fija: 230303|| aca||aabn | a|a d

040 ## - FUENTE DE CATALOGACIÓN

  • Agencia original de catalogación: MX-MxUPN
  • Lenguaje de catalogación: spa
  • Agencia de transcripción: MX-MxUPN

046 ## - FECHAS CON CODIFICACIÓN ESPECIAL

  • Fecha de nacimiento: 1974

100 1# - ENCABEZAMIENTO - NOMBRE PERSONAL

  • Nombre personal: Gay, Roxane

370 ## - LUGAR ASOCIADO

  • Place of birth: Omaha (Estados Unidos)

372 ## - CAMPO DE ACTIVIDAD

  • Field of activity: Feminismo

373 ## - GRUPO ASOCIADO

  • Associated group: Purdue University
  • Fuente del término: naf

374 ## - OCUPACIÓN

  • Occupation: Profesora universitaria

377 ## - LENGUA ASOCIADA

  • Language code: eng

670 ## - FUENTE EN LA QUE SE LOCALIZARON DATOS

  • Cita de la fuente: Hambre: memorias de mi cuerpo, 2018:
  • Información localizada: portada (Roxane Gay) solapa (Roxane Gay, Omaha (EE.UU.), 1974; escritora feminista, profesora, editora y comentarista; trabaja como profesora asociada de inglés en la Universidad Purdue)

902 ## - CATALOGADOR

  • Catalogador: Víctor Ruiz/030323